000 00396cam a2200169ua 4500
020 _c2.00
041 _ahin
_h
082 _a891.54
_bSTE/IN
100 _aStevenson, .
245 _aInsan ya shaitan /
_cStevenson.
_hTextual Documents
260 _a :
_bHind Pocket Books Pvt Ltd ,
_c1961.
300 _a112 ; .
365 _a2.00
504 _a
942 _cBK
999 _c8017
_d8017